Roman Catholic Dioceses and Archdioceses of Mexico - Statistics

General Stats
  • This quiz has been taken 29 times
  • The average score is 20 of 96
Answer Stats
Answer % Correct
Mexico City
95%
Tijuana
86%
Guadalajara
81%
Cancún | Chetumal
76%
Monterrey
76%
Puebla
71%
Veracruz
71%
Chihuahua
67%
Mexicali
67%
Antequera (Oaxaca)
62%
Ciudad Juárez
62%
Acapulco
57%
San Luis Potosí
52%
Toluca
52%
Aguascalientes
48%
León
48%
Hermosillo
43%
Yucatán
43%
Campeche
38%
Culiacán
38%
Durango
38%
La Paz
38%
Colima
33%
Mazatlán
33%
Nogales
33%
Nuevo Laredo
33%
Zacatecas
33%
Matamoros
29%
Querétaro
29%
Ensenada
24%
Morelia
24%
Tampico
24%
Tlaxcala
24%
Xalapa
24%
Cuernavaca
19%
Saltillo
19%
San Cristóbal de las Casas
19%
Torreón
19%
Tuxtla Gutiérrez
19%
Ciudad Obregón
14%
Ciudad Victoria
14%
Ecatepec
14%
Nezahualcóyotl
14%
Tabasco
14%
Tepic
14%
Celaya
10%
Chilpancingo | Chilapa
10%
Orizaba
10%
Tapachula
10%
Texcoco
10%
Ciudad Guzmán
5%
Coatzacoalcos
5%
Córdoba
5%
Cuautitlán
5%
Gómez Palacio
5%
Irapuato
5%
Linares
5%
Piedras Negras
5%
Puerto Escondido
5%
Tarahumara
5%
Tehuacán
5%
Tehuantepec
5%
Tlalnepantla
5%
Tula
5%
Valle de Chalco
5%
Apatzingán
0%
Atlacomulco
0%
Autlán
0%
Azcapotzalco
0%
Ciudad Altamirano
0%
Ciudad Lázaro Cárdenas
0%
Ciudad Valles
0%
Cuauhtémoc | Madera
0%
El Nayar
0%
El Salto
0%
Huajuapan de León
0%
Huautla
0%
Huejutla
0%
Izcalli
0%
Iztapalapa
0%
Matehuala
0%
Mixes
0%
Nuevo Casas Grandes
0%
Papantla
0%
Parral
0%
San Andrés Tuxtla
0%
San Juan de los Lagos
0%
Tacámbaro
0%
Tenancingo
0%
Teotihuacan
0%
Tlapa
0%
Tulancingo
0%
Tuxpan
0%
Tuxtepec
0%
Xochimilco
0%
Zamora
0%
No matching quizzes found
Score Distribution
Percent of People with Each Score
Percentile by Number Answered
Your Score History
You have not taken this quiz